Beliefs | 2 | 9 | 4 | 4 | 100 | 69 | 110.36 | 4 | 11 |
Philosophy | 0 | 6 | 2 | 1 | 50 | 59 | 89.83 | 3 | 6 |
Literature - British Literature | 1 | 3 | 0 | 1 | 45 | 70 | 115.25 | 1 | 4 |
World and Other Literature | 0 | 4 | 0 | 1 | 40 | 102 | 134.00 | 2 | 4 |
Other Arts: Auditory | 0 | 4 | 0 | 0 | 40 | 81 | 115.25 | 2 | 4 |
Literature - European Literature | 2 | 1 | 1 | 0 | 35 | 20 | 78.33 | 2 | 3 |
Fine Arts - Auditory Fine Arts | 0 | 3 | 0 | 0 | 30 | 120 | 131.33 | 0 | 3 |
Social Science | 0 | 3 | 1 | 0 | 25 | 104 | 118.33 | 1 | 3 |
History - World History | 0 | 3 | 1 | 0 | 25 | 98 | 108.67 | 1 | 3 |
Ancient History and Archaeology | 0 | 3 | 1 | 2 | 25 | 119 | 130.33 | 1 | 3 |
History - European History | 0 | 3 | 2 | 2 | 20 | 104 | 125.00 | 0 | 3 |
History - American History | 0 | 3 | 2 | 1 | 20 | 109 | 118.33 | 1 | 3 |
British and Commonwealth History | 0 | 2 | 1 | 1 | 15 | 93 | 108.50 | 0 | 2 |
Literature - American Literature | 0 | 2 | 1 | 1 | 15 | 71 | 108.00 | 0 | 2 |
Science - Biology | 0 | 2 | 1 | 1 | 15 | 137 | 140.00 | 0 | 2 |
Fine Arts - Visual Fine Arts | 0 | 2 | 2 | 0 | 10 | 95 | 114.50 | 1 | 2 |
Geography | 0 | 1 | 0 | 0 | 10 | 137 | 137.00 | 0 | 1 |
Other Science: Computer Science | 0 | 1 | 0 | 0 | 10 | 135 | 135.00 | 0 | 1 |
Other Science: Astronomy | 0 | 1 | 0 | 1 | 10 | 138 | 138.00 | 0 | 1 |
Other Arts: Visual | 0 | 1 | 1 | 0 | 5 | 118 | 118.00 | 0 | 1 |
Science - Chemistry | 0 | 0 | 0 | 0 | 0 | | 0.00 | 0 | 0 |
Science - Physics | 0 | 0 | 1 | 0 | -5 | | 0.00 | 0 | 0 |